| 000 | 00387nam a2200133Ia 4500 | ||
|---|---|---|---|
| 008 | 210428s9999 xx 000 0 und d | ||
| 020 | _a0849399181 (hardcover) | 97808 | ||
| 082 | _a621.4022 H597 P | ||
| 100 |
_aHewitt, G. L. Shires , T. Reg Bott G. F. _952257 |
||
| 245 | 0 | _aProcess heat transfer / | |
| 260 |
_bCRC-Press, _a[S.l.] : _c1994 |
||
| 300 | _a1042 p. ;26 cm. | ||
| 942 | _cBK | ||
| 999 |
_c560051 _d560051 |
||